Beyond rationalism : rethinking magic, witchcraft and sorcery
Αποθηκεύτηκε σε:
| Άλλοι συγγραφείς: | |
|---|---|
| Μορφή: | Βιβλίο |
| Γλώσσα: | English |
| Δημοσίευση: |
New York :
Berghahn,
c2003
|
| Θέματα: | |
| Ετικέτες: |
Προσθήκη ετικέτας
Δεν υπάρχουν, Καταχωρήστε ετικέτα πρώτοι!
|
MARC
| LEADER | 00000nam a2200000 i 4500 | ||
|---|---|---|---|
| 001 | 1/35563 | ||
| 008 | 030513s2003 eng d | ||
| 020 | |a 1-57181-418-3 | ||
| 035 | |l 10069900 | ||
| 040 | |a GR-MY-UA |b gre |e aacr | ||
| 041 | 0 | |a eng | |
| 082 | 0 | |a 306.4 | |
| 245 | 1 | 0 | |a Beyond rationalism : |b rethinking magic, witchcraft and sorcery / |c edited by Bruce Kapferer |
| 260 | |a New York : |b Berghahn, |c c2003 | ||
| 300 | |a vii, 273 σ.; |b εγχρ.εικ.; |c 23 εκ. | ||
| 504 | |a Περιέχει βιβλιογραφία και ευρετήριο | ||
| 650 | 0 | 0 | |a Witchcraft |x Cross cultural studies. |
| 650 | 0 | 0 | |a Occultism |x Cross cultural studies. |
| 650 | 0 | 0 | |a Nationalism |x Cross cultural studies. |
| 700 | 1 | |a Kapferer, Bruce. |4 edt | |
| 852 | |a INST |b LESVOS |e 20030513 |h 306.4 BEY |p 005100026922 |q 005100026922 |t BK |y 0 | ||
| 901 | |a BIBL1-2003-2 | ||
| 909 | |a Λ |b 104453 | ||
| 922 | |a 1ΕΛΗ |b 200303 |c ΕΠΕΑΕΚ2/ΤΚΑ |d ΠΑΠΑΣΩΤΗΡΙΟΥ & ΕΛΕΥΘΕΡΟΥΔΑΚΗΣ | ||
| 950 | |a 117-2002-09-19 | ||
| 970 | |a ΚΑΡΑ |b ΓΙΑΣΕΜΗ |z 2003/08/20 | ||